000 00322nam a22001337a 4500
008 170526b xxu||||| |||| 00| 0 eng d
020 _a9783540569343
041 _aeng
080 _a004
100 _a27
101 _aSHKI
245 _aSTRUKTUR UND INTERPRETATION CON COMPUTER-PROGRAMMEN
_cABELSON. H
942 _2udc
_cBK
999 _c14523
_d14523